000
00298nam a2200133Ia 4500
082
_a
370
_b
C14S
100
_a
SHARMA, DK
245
_a
COMMUNICATION &EDUCATION TECHNOLOGY
250
_a
2ND
260
_b
LOTOUS PUB.
_c
2014
300
_a
375
650
_a
COMMUNICATION & EDUCATION
942
_2
ddc
_c
BK
999
_c
6776
_d
6776